La pensée : la genèse de la pensée et les paliers de son ascension spontanée /

Guardat en:
Dades bibliogràfiques
Autor principal: Blondel, Maurice (autor)
Format: Llibre
Idioma:francès
Publicat: París, Francia : Presses Universitaires de France, 1948, c1934
Col·lecció:(Bibliothèque de Philosophie Contemporaine)
Matèries:
Etiquetes: Afegir etiqueta
Sense etiquetes, Sigues el primer a etiquetar aquest registre!

MARC

LEADER 00000nam^a2200000^a^4500
001 000442172
005 20250521000000.0
009 20260310123420.614
037 |a Acervo Xavier Clavigero 
041 |a FRA 
082 |a 128.  |b BLO OBR PEN 
100 |a Blondel, Maurice  |e (autor) 
245 1 3 |a La pensée :  |b la genèse de la pensée et les paliers de son ascension spontanée /  |c M. Blondel. 
264 4 |a París, Francia :  |b Presses Universitaires de France,  |c 1948, c1934 
300 |a 348 p. 
336 |a texto  |b txt  |2 rdacontenido 
337 |a sin mediación  |b n  |2 rdamedio 
338 |a volumen  |b nc  |2 rdasoporte 
440 1 |a (Bibliothèque de Philosophie Contemporaine) 
545 0 |a Maurice Blondel (1861-1949) fue un filósofo francés de tradición católica el cual ayuda a renovar el pensamiento filosófico cristiano. Interesado en la acción humana y el sentido de la misma, Blondel refleja esta temática en su libro más famoso L’Action (tesis doctoral), que resulta ser una obra apologética tanto de interés personal como filosófico en la que su autor analiza la realidad de la existencia desde la acción más que de la conciencia. Catedrático de la universidad de Aix en Provence en donde continúa su trabajo productivo entre la filosofía y la religión y trazando el camino hacia una filosofía cristiana ya que le preocupaba la falta de fe o creencias en las concepciones filosóficas modernas o su contraparte la persistencia de ideas religiosas en sistemas como el de Descartes. Sus obras más importantes son: El pensamiento, El ser y los seres y La acción: trilogía que continuaría las ideas comenzadas en su tesis; La filosofía y el espíritu cristiano y Exigencias filosóficas del cristianismo. 
649 |a XX 
650 |a Pensamiento -  |x Filosofía -  |x Tema Principal 
650 |a Epistemología -  |x Tema Principal 
650 |a Filosofía del Conocimiento 
650 |a Filosofía y Religión 
650 |a Filosofía del Siglo XX 
650 |a Filosofía Francesa 
910 |a Fondo Víctor Raúl Durana Valerio S.J. 
920 |a Impresos - Libros 
930 |a Fondos Especiales 
905 |a 116 
901 |a 0500369920  |b IT2  |c ESP  |i D5794  |u 20250521 
902 |a https://opac.biblio.iteso.mx/vufind/Record/000442172